Breaking Bad Episodes! - Statistics

General Stats
  • This quiz has been taken 504 times
  • The average score is 27 of 62
Answer Stats
Answer % Correct
Pilot
91%
Ozymandias
87%
Felina
86%
Face Off
69%
Fly
69%
Granite State
67%
ABQ
61%
Full Measure
61%
Better Call Saul
60%
Half Measures
60%
Cat's in the Bag...
56%
Gray Matter
54%
Cancer Man
53%
...and the Bag's in the River
52%
Crawl Space
51%
Say My Name
49%
Box Cutter
45%
Over
45%
Down
44%
Live Free or Die
44%
Phoenix
44%
Rabid Dog
44%
Seven Thirty-Seven
44%
To'hajilee
44%
No Más
43%
Salud
43%
4 Days Out
41%
Dead Freight
41%
Más
41%
One Minute
41%
End Times
40%
Gliding Over All
40%
Hermanos
40%
Madrigal
40%
Grilled
39%
I.F.T
37%
Blood Money
36%
Confessions
36%
Crazy Handful of Nothin
36%
Problem Dog
35%
A No-Rough-Stuff-Type Deal
34%
Negro y Azul
34%
Peekaboo
34%
Caballo Sin Nombre
33%
Kafkaesque
33%
Open House
33%
Bit by a Dead Bee
32%
Mandala
32%
Bug
31%
Green Light
31%
Fifty-One
30%
Shotgun
30%
Sunset
30%
Abiquiú
29%
Hazard Pay
29%
Breakage
28%
I See You
28%
Buried
26%
Buyout
26%
Cornered
26%
Thirty-Eight Snub
26%
Bullet Points
25%
No matching quizzes found
Score Distribution
Percent of People with Each Score
Percentile by Number Answered
Your Score History
You have not taken this quiz